00650nam a2200181Ia 4500082001200000100002100012245006800033260002900101300001000130650005600140650005500196650002500251650003700276650005400313650002800367650005700395710001600452 aTV.0015 aVeeraswami, B.M. 0aEffect of play festival programme on elementary school children c1985bUniversity of Pune a183p. aPHYSICAL EDUCATION//PHYSICAL EDUCATION AND TRAINING aPHYSICAL TRAINING//PHYSICAL EDUCATION AND TRAINING aHIGH SCHOOL STUDENTS aPHYSICAL EDUCATION AND TRAININGz aPHYSICAL CULTURE//PHYSICAL EDUCATION AND TRAINING aPLAY FESTIVAL PROGRAMME aEDUCATION, PHYSICAL//PHYSICAL EDUCATION AND TRAINING aPanse, K.V.